000 00647nam a2200229Ia 4500
003 OSt
005 20220925232532.0
006 a|||||r|||| 00| 0
007 ta
008 220923b |||||||| |||| 00| 0 eng d
020 _a9789383243167
037 _cGeneral Book
040 _aRTL
_cRTL
_beng
041 _2eng
_aeng
082 _aY:1(NA).243, Q7
100 _aLAMBAH Abha Narain
_9297399
245 0 _aPunjab
_b Building the land of the five rivers
260 _aMumbai
_bMarg Foundation
_c2017
300 _a148p
_ccm.
942 _hY:1(NA).243, Q7
_cGB
_2CC
999 _c591532
_d591532